00652nam a2200229Ia 4500008004100000020002200041050001500063050001400078100002200092245002900114245002200143245002200165260002300187260002200210260000900232300001600241300001100257650003500268650004800303650004000351650003100391200601s9999 xx 000 0 und d a978-971-27-3212-6 aFIL DS 669 b.O23 2015 aOcampo, Ambeth R. 0aTwo Lunas, two Mabinis : 0blooking back 10 / 0cAmbeth R. Ocampo. aMandaluyong City : bAnvil Publishing, c2015 a100 pages : c18 cm. aMabini, Apolinario, 1864-1903. aPhilippines -- History -- Revolution, 1896- xHeroes -- Philippines -- Biography. xLuna, Antonio, 1866-1899.